Current Rheumatology Reports (Запис № 456750)
[ простий вигляд ]
| 000 -LEADER | |
|---|---|
| fixed length control field | 02100nas a22002895i 4500 |
| 001 - CONTROL NUMBER | |
| control field | 1534-6307 |
| 003 - CONTROL NUMBER IDENTIFIER | |
| control field | DE-He213 |
| 005 - DATE AND TIME OF LATEST TRANSACTION | |
| control field | 20200203194332.0 |
| 007 - PHYSICAL DESCRIPTION FIXED FIELD--GENERAL INFORMATION | |
| fixed length control field | cr nn 008mamaa |
| 008 - FIXED-LENGTH DATA ELEMENTS--GENERAL INFORMATION | |
| fixed length control field | 150723s||||||||xxuuu poo|||||| b|EN |d |
| 022 ## - INTERNATIONAL STANDARD SERIAL NUMBER | |
| International Standard Serial Number | 1534-6307 |
| 024 7# - OTHER STANDARD IDENTIFIER | |
| Standard number or code | 10.1007/11926.1534-6307 |
| Source of number or code | doi |
| 210 10 - ABBREVIATED TITLE | |
| Abbreviated title | Curr Rheumatol Rep |
| 245 10 - TITLE STATEMENT | |
| Title | Current Rheumatology Reports |
| Medium | [electronic resource] / |
| Statement of responsibility, etc | edited by Bruce N Cronstein. |
| 264 #1 - | |
| -- | New York : |
| -- | Springer US : |
| -- | Imprint: Springer. |
| 300 ## - PHYSICAL DESCRIPTION | |
| Other physical details | online resource. |
| 520 ## - SUMMARY, ETC. | |
| Summary, etc | This journal aims to review the most important, recently published research in the field of rheumatology. By providing clear, insightful, balanced contributions by international experts, the journal intends to serve all those involved in the care and prevention of rheumatologic conditions. We accomplish this aim by appointing international authorities to serve as Section Editors in key subject areas such as the many forms of arthritis, osteoporosis and metabolic bone disease, and systemic lupus erythematosus. Section Editors, in turn, select topics for which leading experts contribute comprehensive review articles that emphasize new developments and recently published papers of major importance, highlighted by annotated reference lists. An international Editorial Board reviews the annual table of contents, suggests articles of special interest to their country/region, and ensures that topics are current and include emerging research. Commentaries from well-known figures in the field are also occasionally provided. . |
| 650 #0 - SUBJECT ADDED ENTRY--TOPICAL TERM | |
| Topical term or geographic name as entry element | Rheumatology. |
| 650 14 - SUBJECT ADDED ENTRY--TOPICAL TERM | |
| Topical term or geographic name as entry element | Rheumatology. |
| -- | http://scigraph.springernature.com/things/product-market-codes/H33170 |
| 700 1# - ADDED ENTRY--PERSONAL NAME | |
| Personal name | Cronstein, Bruce N. |
| Relator term | editor. |
| Relator code | edt |
| -- | http://id.loc.gov/vocabulary/relators/edt |
| 710 2# - ADDED ENTRY--CORPORATE NAME | |
| Corporate name or jurisdiction name as entry element | SpringerLink (Online service) |
| 776 08 - ADDITIONAL PHYSICAL FORM ENTRY | |
| Display text | Printed version: |
| International Standard Serial Number | 1523-3774 |
| 856 40 - ELECTRONIC LOCATION AND ACCESS | |
| Uniform Resource Identifier | <a href="https://doi.org/10.1007/11926.1534-6307">https://doi.org/10.1007/11926.1534-6307</a> |
| Public note | Hybrid |
| 942 ## - ADDED ENTRY ELEMENTS (KOHA) | |
| Koha item type | ЕЖурнал |
Немає доступних примірників.